| 000 | 00871nam a2200193Ii 4500 | ||
|---|---|---|---|
| 003 | JO-AjNU | ||
| 008 | 230605s9999||||xx |||||||||||||| ||und|| | ||
| 040 |
_aJO-AjNU _bara _erda _cJO-AjNU |
||
| 041 | _aara | ||
| 050 | 1 | 4 | _aKMU394.6 1985 |
| 100 | 3 |
_aضبط نصوصة وكتب مواضيعه كرم، جورج, _eauthor _946465 |
|
| 245 | 0 | 0 | _aقانون العقوبات معدلا ومضبوطا على الأصل مضافا الية: الأسباب الموجبة للقوانين المعدلة له، الأشارة إلى جميع القوانين الخاصة المكملة له، فهرس هجائي مطول بمواضيعه |
| 264 | 3 | 1 | _aدمشق: د.ن، 1985 |
| 300 | _a272ص | ||
| 336 |
_atext _btxt _2rdacontent |
||
| 337 |
_aunmediated _bn _2rdamedia |
||
| 338 |
_avolume _bnc _2rdacarrier |
||
| 650 | 4 |
_aقانون العقوبات - سوريا _946466 |
|
| 999 |
_aA20216 _c23784 _d23784 |
||